000 00983cai a22002055a 4500
001 L138092
008 070516u xxk g 000 0 eng d
035 _a(Sirsi) u138092
041 0 _aeng
110 2 _aBuildDesk
_95199
245 0 0 _aBuildDesk
520 _aWebsite of provider of tools, services and consultancy to help customers in the building industry improve the energy efficiency in buildings. Includes details of the BuildDesk software suite and training courses. Also summarises the energy performance of buildings directive (Directive 2002/91/EC) and the relevant Building Regulations for the UK and the Republic of Ireland.
590 _aKA
651 4 _aUnited Kingdom
_y
651 4 _aREPUBLIC OF IRELAND
690 _aBUILT ENVIRONMENT-SUSTAINABLE CONSTRUCTION
690 _aENVIRONMENTAL AND LAND CONSULTANCY-ENERGY-ENERGY USE-ENERGY EFFICIENCY
856 4 0 _uhttps://www.builddesk.co.uk
_zView the website free of charge at www.builddesk.co.uk...
942 _n0
999 _c120598
_d120598